<?xml version="1.0" encoding="UTF-8"?>
<record
    xmlns:xsi="http://www.w3.org/2001/XMLSchema-instance"
    xsi:schemaLocation="http://www.loc.gov/MARC21/slim http://www.loc.gov/standards/marcxml/schema/MARC21slim.xsd"
    xmlns="http://www.loc.gov/MARC21/slim">

  <leader>01831nam a2200361 a 4500</leader>
  <controlfield tag="001"> </controlfield>
  <controlfield tag="003">DO-SdBNP</controlfield>
  <controlfield tag="005">20210923123547.0</controlfield>
  <controlfield tag="007"> </controlfield>
  <controlfield tag="008">090717s1994  dr a          000 0 spa d</controlfield>
  <datafield tag="040" ind1=" " ind2=" ">
    <subfield code="a">BPMSU</subfield>
    <subfield code="b">spa</subfield>
    <subfield code="c">BPMSU</subfield>
  </datafield>
  <datafield tag="082" ind1=" " ind2="4">
    <subfield code="a">RD868.44</subfield>
    <subfield code="b">A385V 1994</subfield>
    <subfield code="2">22</subfield>
  </datafield>
  <datafield tag="100" ind1="1" ind2=" ">
    <subfield code="a">Aufau Dur&#xE1;n, Vetilio , </subfield>
    <subfield code="d">1905-1985</subfield>
  </datafield>
  <datafield tag="245" ind1="1" ind2="0">
    <subfield code="a">Vetilio Alfau Dur&#xE1;n en Cl&#xED;o /</subfield>
    <subfield code="c">compiladores, Ar&#xED;stides Inch&#xE1;ustegui, Blanca Delgado Malag&#xF3;n.</subfield>
    <subfield code="b"> </subfield>
  </datafield>
  <datafield tag="260" ind1=" " ind2=" ">
    <subfield code="a">Santo Domingo :</subfield>
    <subfield code="b">Comisi&#xF3;n Oficial para la Celebraci&#xF3;n del Sesquicentenario de la Independencia Nacional, </subfield>
    <subfield code="c">1994</subfield>
  </datafield>
  <datafield tag="300" ind1=" " ind2=" ">
    <subfield code="a">v.;</subfield>
    <subfield code="c">23 cm.</subfield>
    <subfield code="b"> </subfield>
  </datafield>
  <datafield tag="490" ind1="0" ind2=" ">
    <subfield code="a">Sesquicentenario de la Independencia Nacional,  </subfield>
    <subfield code="v">3</subfield>
  </datafield>
  <datafield tag="500" ind1=" " ind2=" ">
    <subfield code="a">Incluye &#xED;ndice onom&#xE1;stico.</subfield>
  </datafield>
  <datafield tag="500" ind1=" " ind2=" ">
    <subfield code="a">Incluye referencias bibliogr&#xE1;ficas y notas al pie de las p&#xE1;ginas.</subfield>
  </datafield>
  <datafield tag="504" ind1=" " ind2=" ">
    <subfield code="a">Bibliograf&#xED;a : p. 570-682</subfield>
  </datafield>
  <datafield tag="505" ind1="0" ind2=" ">
    <subfield code="a"> v.2 :  La esclavitud en Santo Domingo  -- Cronolog&#xED;a de gobernantes de la Rep&#xFA;blica Dominicana  -- Apuntes para la historia constitucional dominicana -- Intervencionismo en Santo Domingo -- Rectificaciones -- Extranjeros y Santo Domingo -- Discursos en la Academia Dominicana de la Historia -- Acad&#xE9;micas y miscel&#xE1;neas -- &#xCD;ndice general de Cl&#xED;o (1933-1964)/Vetilio Alfao Dur&#xE1;n -- Comentarios acerca de Vetilio Alfau Dur&#xE1;n publicados en Cl&#xED;o. </subfield>
  </datafield>
  <datafield tag="590" ind1=" " ind2=" ">
    <subfield code="6">Inventariado, 2021/VM</subfield>
  </datafield>
  <datafield tag="600" ind1="1" ind2="4">
    <subfield code="a">Alfau Dur&#xE1;n, Vetilio   	</subfield>
    <subfield code="d">1905-1985</subfield>
    <subfield code="v">Colecciones de escritos </subfield>
  </datafield>
  <datafield tag="600" ind1="1" ind2="4">
    <subfield code="a">Duarte , Juan Pablo </subfield>
    <subfield code="d">1813-1876</subfield>
  </datafield>
  <datafield tag="651" ind1=" " ind2="4">
    <subfield code="a">Rep&#xFA;blica Dominicana </subfield>
    <subfield code="x">Historia </subfield>
    <subfield code="y"> </subfield>
  </datafield>
  <datafield tag="651" ind1=" " ind2="4">
    <subfield code="a">Rep&#xFA;blica Dominicana</subfield>
    <subfield code="x">Bibliograf&#xED;as</subfield>
  </datafield>
  <datafield tag="700" ind1="1" ind2=" ">
    <subfield code="a">Inch&#xE1;ustegui, Ar&#xED;stides,  </subfield>
    <subfield code="d">1938-</subfield>
    <subfield code="e">comp. </subfield>
  </datafield>
  <datafield tag="700" ind1="1" ind2=" ">
    <subfield code="a">Delgado Malag&#xF3;n, Blanca,</subfield>
    <subfield code="e">comp. </subfield>
  </datafield>
  <datafield tag="730" ind1="0" ind2="2">
    <subfield code="a">Cl&#xED;o (Rep&#xFA;blica Dominicana)</subfield>
  </datafield>
  <datafield tag="730" ind1="2" ind2=" ">
    <subfield code="a">List&#xED;n Diario (Rep&#xFA;blica Dominicana)</subfield>
  </datafield>
  <datafield tag="910" ind1=" " ind2=" ">
    <subfield code="a">VMateo V.</subfield>
  </datafield>
  <datafield tag="942" ind1=" " ind2=" ">
    <subfield code="2">ddc</subfield>
    <subfield code="c">BK</subfield>
  </datafield>
  <datafield tag="952" ind1=" " ind2=" ">
    <subfield code="0">0</subfield>
    <subfield code="1">0</subfield>
    <subfield code="2">ddc</subfield>
    <subfield code="4">0</subfield>
    <subfield code="7">0</subfield>
    <subfield code="8">CD</subfield>
    <subfield code="a">BPMET</subfield>
    <subfield code="b">BPMET</subfield>
    <subfield code="d">2021-05-11</subfield>
    <subfield code="e">Reyes Duluc </subfield>
    <subfield code="l">0</subfield>
    <subfield code="o">BPMSU CD 972.93 A385V 1994</subfield>
    <subfield code="p">BPMSU21050027</subfield>
    <subfield code="r">2021-05-11</subfield>
    <subfield code="t">v.2</subfield>
    <subfield code="w">2021-05-11</subfield>
    <subfield code="y">BK</subfield>
  </datafield>
  <datafield tag="952" ind1=" " ind2=" ">
    <subfield code="0">0</subfield>
    <subfield code="1">0</subfield>
    <subfield code="2">ddc</subfield>
    <subfield code="4">0</subfield>
    <subfield code="7">0</subfield>
    <subfield code="8">CD</subfield>
    <subfield code="a">BPMET</subfield>
    <subfield code="b">BPMET</subfield>
    <subfield code="d">2021-05-11</subfield>
    <subfield code="e">Reyes Duluc </subfield>
    <subfield code="l">0</subfield>
    <subfield code="o">BPMSU CD 972.93 A385V 1994</subfield>
    <subfield code="p">BPMSU21050028</subfield>
    <subfield code="r">2021-05-11</subfield>
    <subfield code="t">v.1</subfield>
    <subfield code="w">2021-05-11</subfield>
    <subfield code="y">BK</subfield>
  </datafield>
  <datafield tag="952" ind1=" " ind2=" ">
    <subfield code="0">0</subfield>
    <subfield code="1">0</subfield>
    <subfield code="2">ddc</subfield>
    <subfield code="4">0</subfield>
    <subfield code="7">0</subfield>
    <subfield code="8">CD</subfield>
    <subfield code="a">BPMET</subfield>
    <subfield code="b">BPMET</subfield>
    <subfield code="d">2021-05-11</subfield>
    <subfield code="e">Reyes Duluc </subfield>
    <subfield code="l">0</subfield>
    <subfield code="o">BPMSU CD 972.93 A385V 1994</subfield>
    <subfield code="p">BPMSU21090080</subfield>
    <subfield code="r">2021-09-23</subfield>
    <subfield code="t">v.1, 2</subfield>
    <subfield code="w">2021-05-11</subfield>
    <subfield code="y">BK</subfield>
  </datafield>
  <datafield tag="952" ind1=" " ind2=" ">
    <subfield code="0">0</subfield>
    <subfield code="1">0</subfield>
    <subfield code="2">ddc</subfield>
    <subfield code="4">0</subfield>
    <subfield code="7">0</subfield>
    <subfield code="8">CD</subfield>
    <subfield code="a">BPMET</subfield>
    <subfield code="b">BPMET</subfield>
    <subfield code="d">2021-05-11</subfield>
    <subfield code="e">Reyes Duluc </subfield>
    <subfield code="l">0</subfield>
    <subfield code="o">BPMSU CD 972.93 A385V 1994</subfield>
    <subfield code="p">BPMSU24080011</subfield>
    <subfield code="r">2024-08-07</subfield>
    <subfield code="t">v.2, e.2</subfield>
    <subfield code="w">2021-05-11</subfield>
    <subfield code="y">BK</subfield>
  </datafield>
  <datafield tag="952" ind1=" " ind2=" ">
    <subfield code="0">0</subfield>
    <subfield code="1">0</subfield>
    <subfield code="2">ddc</subfield>
    <subfield code="4">0</subfield>
    <subfield code="7">0</subfield>
    <subfield code="8">CD</subfield>
    <subfield code="a">BPMET</subfield>
    <subfield code="b">BPMET</subfield>
    <subfield code="d">2021-05-11</subfield>
    <subfield code="e">Reyes Duluc </subfield>
    <subfield code="l">0</subfield>
    <subfield code="o">BPMSU CD 972.93 A385V 1994</subfield>
    <subfield code="p">BPMSU24080012</subfield>
    <subfield code="r">2024-08-07</subfield>
    <subfield code="t">v.1, e.3</subfield>
    <subfield code="w">2021-05-11</subfield>
    <subfield code="y">BK</subfield>
  </datafield>
  <datafield tag="999" ind1=" " ind2=" ">
    <subfield code="c">13473</subfield>
    <subfield code="d">13473</subfield>
  </datafield>
</record>
